00350 2200145 4500001002100000005001500021035002000036245004800056100002200104300001200126260003200138082000800170084001400178990001200192INLIS00000000000200020250527083452 a0010-05250002921 aBara Di Padang Gersang /cAli Ahmad Baktsir0 aAli Ahmad Baktsir a150 hlm aYogyakarta :bNavila,c2006 a813 a813 ALI b a0712667